00631cam a2200181 a 4500001000800000005001700008008004100025020001700066040001800083082001400101245011200115260011200227300001800339650001000357650001900367700002900386700003400415483093920231127234716.0900309s1990 ii b 001 0 eng  a0706945255 : aDLCcDLCdDLC 222a305.400aWomen at the crossroads :ba Sri Lankan perspective /cedited by Sirima Kiribamune, Vidyamali Samarasinghe. aNew Delhi :bInternational Centre for Ethnic Studies in association with NORAD and Vikas Pub. House,c1990. axxi, 248 p. ; 0aWomen 0aWomen's rights1 aKiribamune, Sirima.eedt1 aSamarasinghe, Vidyamali.eedt